Dalostalálkozó az egyetemen
Elmentve itt :
| Szerző: | |
|---|---|
| Dokumentumtípus: | Cikk |
| Megjelent: |
1963-05-07
|
| Sorozat: | Délmagyarország
53 No. 104 |
| Kulcsszavak: | Kertész Lajos, Egyetemi énekkar találkozója 1963, zeneélet 1962-1979 |
| Online Access: | http://dmarchiv.bibl.u-szeged.hu/76574 |
| LEADER | 00508nab a2200157 i 4500 | ||
|---|---|---|---|
| 001 | delm76574 | ||
| 005 | 20180928084335.0 | ||
| 008 | 180928s1963 hu o 0|| hun d | ||
| 040 | |a SZTE Délmagyarország Archívum |b hun | ||
| 041 | |a hun | ||
| 100 | 1 | |a Németh Ferenc | |
| 245 | 1 | 0 | |a Dalostalálkozó az egyetemen |h [elektronikus dokumentum] / |c Németh Ferenc |
| 260 | |c 1963-05-07 | ||
| 300 | |a 5 | ||
| 490 | 0 | |a Délmagyarország |v 53 No. 104 | |
| 695 | |a Kertész Lajos, Egyetemi énekkar találkozója 1963, zeneélet 1962-1979 | ||